[Event "18th "]
[Site "Senta"]
[Date "2014.07.20"]
[Round "3.6"]
[White "Nestorovic, Lazar"]
[Black "Miladinovic, Lena"]
[Result "0-1"]
[WhiteElo "2331"]
[BlackElo "2079"]
[PlyCount "202"]
[EventDate "2014.07.19"]

1. d4 Nf6 2. Nf3 e6 3. e3 c5 4. c3 Qc7 5. Nbd2 d6 6. Bd3 Nbd7 7. O-O g6 8. Qe2
Bg7 9. b3 O-O 10. Bb2 b6 11. Rac1 Bb7 12. Rfd1 Rfe8 13. e4 Rad8 14. b4 Qb8 15.
bxc5 bxc5 16. Rb1 Qc7 17. Ba3 e5 18. dxc5 Nxc5 19. Bxc5 dxc5 20. Nc4 Bc6 21.
Bc2 Rxd1+ 22. Rxd1 Bb5 23. Nfd2 Bh6 24. Qf3 Bxd2 25. Nxd2 Nh5 26. g3 Rd8 27.
Qe3 Ng7 28. Rb1 Ba6 29. Nf3 Ne6 30. h4 h5 31. Rd1 Rxd1+ 32. Bxd1 c4 33. Be2 Nc5
34. Nd2 Nd3 35. Bf1 Bb5 36. Be2 Ba6 37. Kg2 Ne1+ 38. Kg1 Nd3 39. Nf3 f6 40. Qh6
Qf7 41. Bf1 Nc5 42. Nd2 Bb5 43. Qe3 Nd3 44. a4 Ba6 45. Bxd3 cxd3 46. Qh6 f5 47.
Qg5 Kg7 48. exf5 Qxf5 49. Qe7+ Kh6 50. Qxa7 Qe6 51. Qb8 Kg7 52. Qc7+ Kh6 53.
Ne4 d2 54. Qd8 Kg7 55. Qxd2 Qc6 56. Ng5 Bb7 57. f3 Qxa4 58. Kh2 Qb5 59. Qa2 Bd5
60. Qd2 Qf1 61. Qe3 Kf8 62. Qc5+ Ke8 63. Qe3 Kf8 64. Qd2 Ke7 65. Qg2 Qe1 66.
Qb2 Qf1 67. c4 Bxc4 68. Qxe5+ Kd7 69. Qg7+ Kd8 70. Qd4+ Ke8 71. Qe3+ Kd7 72.
Qa7+ Kd8 73. Qb6+ Kd7 74. Qa7+ Kd8 75. Qa8+ Ke7 76. Qa3+ Kd7 77. Nh3 Qe2+ 78.
Kh1 Qe1+ 79. Ng1 Qf1 80. Qe3 Bd5 81. Kh2 Be6 82. Qd4+ Ke7 83. Qe3 Kf7 84. Ne2
Bd5 85. Nd4 Bc4 86. Qd2 Ke7 87. Nc6+ Ke6 88. Qe3+ Kf7 89. Nd4 Kf6 90. Qd2 Kf7
91. Nc6 Ke6 92. Qe3+ Kf7 93. Qa7+ Kf8 94. Qe7+ Kg8 95. Qe3 Kf7 96. Qd2 Ke6 97.
Qc2 Kf6 98. Qd2 Ke6 99. Ne5 Be2 100. f4 Qf2+ 101. Kh1 Bf3+ 0-1

[Event "18th "]
[Site "Senta"]
[Date "2014.07.20"]
[Round "3.7"]
[White "Savic, Dragan"]
[Black "Radusinovic, Lazar"]
[Result "1/2-1/2"]
[WhiteElo "2104"]
[BlackElo "2318"]
[PlyCount "74"]
[EventDate "2014.07.19"]

1. e4 c5 2. Nf3 Nc6 3. Bb5 d6 4. O-O Bd7 5. c3 Nf6 6. Re1 a6 7. Bxc6 Bxc6 8. e5
dxe5 9. Nxe5 Rc8 10. d4 e6 11. Be3 cxd4 12. Nxc6 Rxc6 13. Qxd4 Be7 14. Qxd8+
Bxd8 15. Nd2 O-O 16. Nf3 Nd5 17. Rad1 Bf6 18. Bd4 Bxd4 19. Rxd4 b5 20. Ne5 Rc7
21. c4 bxc4 22. Rxc4 Rxc4 23. Nxc4 Rc8 24. b3 Nc3 25. Ra1 g5 26. f3 Rd8 27. Kf1
Rd3 28. Ke1 Kg7 29. Nb2 Rd8 30. Nd1 Nd5 31. a3 Nf4 32. g3 Nd3+ 33. Ke2 Nc5 34.
Rb1 f5 35. b4 Na4 36. Rc1 Rd6 37. Ne3 Kf6 1/2-1/2

[Event "18th "]
[Site "Senta"]
[Date "2014.07.20"]
[Round "3.8"]
[White "Vucinic, Gojko"]
[Black "Marjanovics, Gyorgy"]
[Result "1-0"]
[WhiteElo "2313"]
[BlackElo "2070"]
[PlyCount "43"]
[EventDate "2014.07.19"]

1. e4 e5 2. Nf3 Nc6 3. Bc4 Bc5 4. c3 Nf6 5. d4 exd4 6. cxd4 Bb4+ 7. Bd2 Nxe4 8.
Bxb4 Nxb4 9. Bxf7+ Kxf7 10. Qb3+ d5 11. Qxb4 Rf8 12. O-O Kg8 13. Nbd2 Nxd2 14.
Qxd2 c6 15. Rfe1 Bd7 16. Rac1 Qf6 17. Ne5 Qd6 18. Rc3 Be6 19. Rg3 Rac8 20. Qh6
Rc7 21. Nd3 Rf6 22. Qxf6 1-0

[Event "18th "]
[Site "Senta"]
[Date "2014.07.20"]
[Round "3.9"]
[White "Drogovoz, Irina"]
[Black "Zivkovic, Nemanja"]
[Result "0-1"]
[WhiteElo "2073"]
[BlackElo "2284"]
[PlyCount "82"]
[EventDate "2014.07.19"]

1. d4 Nf6 2. c4 e6 3. Nf3 b6 4. e3 Bb7 5. Bd3 d5 6. O-O Bd6 7. b3 Qe7 8. cxd5
exd5 9. Nc3 a6 10. Qe2 O-O 11. Bb2 Nbd7 12. Rac1 Ne4 13. Rfd1 f5 14. Bb1 c6 15.
Ne1 Rf6 16. g3 Re8 17. Nd3 Rh6 18. Re1 a5 19. f3 Nxg3 20. hxg3 Bxg3 21. f4 Qh4
22. Qf3 Rg6 23. Kf1 Qh3+ 24. Ke2 Qh2+ 25. Nf2 Ba6+ 26. Bd3 Bxd3+ 27. Kxd3 Qxf2
28. Qxf2 Bxf2 29. Re2 Bh4 30. Rh1 Bd8 31. Rh5 Rf8 32. Ba3 Rf7 33. Rh1 Nf6 34.
Bc1 Re7 35. Bd2 Ne4 36. Nxe4 Rxe4 37. Rh5 Rf6 38. Reh2 h6 39. Be1 Rf8 40. Bf2
c5 41. dxc5 bxc5 0-1

[Event "18th "]
[Site "Senta"]
[Date "2014.07.20"]
[Round "3.10"]
[White "Kaszas, Viktor"]
[Black "Stanojevic, Branko"]
[Result "1/2-1/2"]
[WhiteElo "2068"]
[BlackElo "2251"]
[PlyCount "129"]
[EventDate "2014.07.19"]

1. c4 g6 2. Nc3 Bg7 3. Nf3 c5 4. g3 Nc6 5. Bg2 e6 6. O-O Nge7 7. d3 O-O 8. Be3
Nd4 9. Rc1 d6 10. a3 Bd7 11. b4 Bc6 12. Ne4 Nef5 13. Nxd4 Nxe3 14. Nxc6 bxc6
15. fxe3 f5 16. Nf2 cxb4 17. axb4 Bh6 18. Qd2 a5 19. Nd1 axb4 20. Qxb4 Qc7 21.
c5 d5 22. Qh4 Bg7 23. e4 Ra4 24. Qg5 Bf6 25. Qd2 Qe7 26. exd5 exd5 27. e3 Re8
28. Qc2 Ra5 29. Kh1 Bg5 30. Qc3 Rea8 31. Rc2 Ra3 32. Qb2 Rxd3 33. Qb6 Qe6 34.
Qb2 Bf6 35. Qb7 Raa3 36. Qb8+ Kf7 37. Qd6 Be7 38. Qxe6+ Kxe6 39. Re1 Ra1 40.
Bf3 Ra5 41. Nf2 Rb3 42. Nh3 Rxc5 43. Rxc5 Bxc5 44. Ng5+ Kd7 45. Nxh7 Bxe3 46.
Nf8+ Kd6 47. Nxg6 Bg5 48. Kg2 Rb2+ 49. Re2 Rxe2+ 50. Bxe2 c5 51. h4 Bh6 52. Kf3
c4 53. h5 Bg5 54. Nf4 Ke5 55. Nh3 Bh6 56. Nf2 Kd4 57. g4 fxg4+ 58. Nxg4 Bg7 59.
h6 Bh8 60. Bd1 Kc3 61. Nf2 Kd2 62. Ba4 c3 63. Bb3 c2 64. Bxc2 Kxc2 65. Ke2
1/2-1/2

[Event "18th "]
[Site "Senta"]
[Date "2014.07.20"]
[Round "3.11"]
[White "Jovanovic, Aleksandar D"]
[Black "Csikos, Mihaly"]
[Result "1-0"]
[WhiteElo "2234"]
[BlackElo "2058"]
[PlyCount "61"]
[EventDate "2014.07.19"]

1. d4 d5 2. c4 e6 3. Nc3 Nf6 4. Bg5 Nbd7 5. Nf3 c6 6. e3 Qa5 7. Nd2 Bb4 8. Be2
Bxc3 9. bxc3 Qxc3 10. O-O Qa5 11. Bh4 O-O 12. Qc2 Re8 13. Rab1 Qd8 14. e4 dxe4
15. Nxe4 Qe7 16. c5 b5 17. Nd6 Rd8 18. Bf3 Nb8 19. Rfe1 Ba6 20. Qd2 h6 21. Qf4
Rd7 22. Nf5 Qd8 23. Nxh6+ Kf8 24. Rbd1 Qc7 25. Re5 Nd5 26. Qe4 f5 27. Nxf5 Nc3
28. Qe1 Nxd1 29. Rxe6 Qc8 30. Re7 Rd8 31. Qe5 1-0

[Event "18th "]
[Site "Senta"]
[Date "2014.07.20"]
[Round "3.12"]
[White "Lazov, Toni"]
[Black "Vranic, Ljubomir"]
[Result "1-0"]
[WhiteElo "2001"]
[BlackElo "2218"]
[PlyCount "79"]
[EventDate "2014.07.19"]

1. e4 d6 2. d4 Nf6 3. Nc3 Nbd7 4. Bc4 e5 5. Nf3 Be7 6. O-O O-O 7. a4 a5 8. Re1
c6 9. h3 h6 10. Ba2 Qc7 11. Nh4 Re8 12. Nf5 Bf8 13. Be3 Nb8 14. Qf3 Na6 15.
dxe5 Bxf5 16. exf6 Be6 17. fxg7 Bxg7 18. Qg3 Kh7 19. Bf4 Be5 20. Rad1 Rg8 21.
Qh4 Rg6 22. Bxe5 dxe5 23. Bxe6 Rxe6 24. Rd2 Rg8 25. Nd1 Reg6 26. Ne3 Nc5 27.
Red1 R8g7 28. b3 Qb6 29. Kh1 Qb4 30. f3 Qc3 31. Nf5 Rg8 32. Qe7 R8g7 33. Nxg7
Rxg7 34. Qf6 Ne6 35. Qf5+ Kh8 36. Rd8+ Nxd8 37. Rxd8+ Rg8 38. Qf6+ Kh7 39.
Qxf7+ Rg7 40. Qf5+ 1-0

[Event "18th "]
[Site "Senta"]
[Date "2014.07.20"]
[Round "3.13"]
[White "Nagy, Attila N"]
[Black "Drogovoz, Maria"]
[Result "1-0"]
[WhiteElo "2212"]
[BlackElo "1952"]
[PlyCount "131"]
[EventDate "2014.07.19"]

1. Nf3 Nf6 2. g3 g6 3. Bg2 Bg7 4. O-O O-O 5. c4 c5 6. Nc3 Nc6 7. d3 d6 8. Rb1
Bd7 9. a3 Ne8 10. Bd2 Nc7 11. b4 b6 12. b5 Nd4 13. a4 Rb8 14. Nxd4 Bxd4 15. e3
Bg7 16. a5 Bc8 17. axb6 axb6 18. Bc6 Bb7 19. Qf3 Bxc6 20. Qxc6 Qc8 21. Ra1 Qb7
22. Qxb7 Rxb7 23. Ra3 Ra8 24. Rfa1 Rxa3 25. Rxa3 h5 26. Kg2 Kf8 27. Nd5 Ke8 28.
Bc3 Bxc3 29. Nxc3 e6 30. Kf3 Ke7 31. h4 d5 32. g4 hxg4+ 33. Kxg4 Kf6 34. f4 Kg7
35. e4 f5+ 36. exf5 exf5+ 37. Kf3 dxc4 38. dxc4 Ne8 39. Nd5 Nd6 40. Ne3 Re7 41.
Rd3 Ne4 42. h5 Kh6 43. hxg6 Kxg6 44. Rd5 Rf7 45. Nxf5 Nd2+ 46. Rxd2 Kxf5 47.
Rd5+ Ke6 48. Ke4 Rh7 49. Rg5 Kf6 50. Rf5+ Ke6 51. Rf8 Rd7 52. f5+ Ke7 53. Rb8
Rd4+ 54. Ke5 Rxc4 55. Rxb6 Rc1 56. Rb7+ Ke8 57. f6 c4 58. Rc7 Rb1 59. Ke6 Re1+
60. Kd5 Rd1+ 61. Kc6 c3 62. f7+ Kf8 63. Kb7 Rb1 64. b6 Rb3 65. Ka7 Ra3+ 66. Kb8
1-0

[Event "18th "]
[Site "Senta"]
[Date "2014.07.20"]
[Round "3.14"]
[White "Simonyi, Zoltan"]
[Black "Janjusevic, Branislav"]
[Result "1-0"]
[WhiteElo "2262"]
[BlackElo "1930"]
[PlyCount "59"]
[EventDate "2014.07.19"]

1. e4 d5 2. exd5 Nf6 3. c4 Bg4 4. Qb3 b6 5. h3 Bf5 6. Nc3 Nbd7 7. d4 e5 8. dxe6
Bxe6 9. Nf3 Bd6 10. Bd3 O-O 11. O-O Re8 12. Bg5 Be7 13. Qc2 Nf8 14. d5 Bd7 15.
Nd4 Ng6 16. Rfe1 Bc5 17. Nf5 Bxf5 18. Bxf5 Qd6 19. Nb5 Qg3 20. Bxg6 Qxg5 21.
Be4 Re7 22. Bf3 Qf4 23. Rxe7 Bxe7 24. d6 Bxd6 25. Nxd6 Rd8 26. Ne4 Qf5 27.
Nxf6+ Qxf6 28. Rd1 Re8 29. b3 h6 30. Qd2 1-0

[Event "18th "]
[Site "Senta"]
[Date "2014.07.20"]
[Round "3.15"]
[White "Uzumcu, Ahmet Utku"]
[Black "Vlajkovic, Goran"]
[Result "1-0"]
[WhiteElo "1780"]
[BlackElo "2130"]
[PlyCount "87"]
[EventDate "2014.07.19"]

1. e4 e5 2. Nf3 Nf6 3. Nxe5 d6 4. Nf3 Nxe4 5. d4 d5 6. Bd3 Bd6 7. O-O O-O 8. c4
Be6 9. Qc2 f5 10. c5 Be7 11. Ne5 Nd7 12. Nxd7 Qxd7 13. f3 Nf6 14. Bf4 Nh5 15.
Be5 Bf6 16. f4 Bxe5 17. fxe5 g5 18. Nc3 Nf4 19. Bb5 c6 20. Ba4 Ng6 21. Qd2 f4
22. Rae1 Rae8 23. b4 a6 24. a3 Qg7 25. Bc2 Ne7 26. a4 Bf5 27. Bb3 Be6 28. Ne4
Nf5 29. Nf6+ Rxf6 30. exf6 Qxf6 31. Re5 Qh6 32. Rfe1 Ne3 33. R1xe3 fxe3 34.
Qxe3 Kh8 35. Bc2 Qf6 36. Qxg5 Rf8 37. Qxf6+ Rxf6 38. h3 Kg7 39. g4 h6 40. Kg2
Kf7 41. Kg3 Bd7 42. Bf5 Be8 43. h4 Kf8 44. Re6 1-0

[Event "18th "]
[Site "Senta"]
[Date "2014.07.20"]
[Round "3.16"]
[White "Pajzer, Istvan"]
[Black "Dinic, Nenad"]
[Result "1-0"]
[WhiteElo "2116"]
[BlackElo "2021"]
[PlyCount "55"]
[EventDate "2014.07.19"]

1. d4 Nf6 2. c4 g6 3. Nc3 Bg7 4. e4 d6 5. f3 O-O 6. Be3 b6 7. Qd2 c5 8. Nge2
Nc6 9. g4 cxd4 10. Nxd4 Ne5 11. O-O-O Ba6 12. b3 Rc8 13. Kb1 Bb7 14. Be2 a6 15.
Bh6 b5 16. Bxg7 Kxg7 17. h4 bxc4 18. h5 Rh8 19. g5 Nfd7 20. f4 Nd3 21. Bxd3
cxd3 22. f5 Ne5 23. fxg6 hxg6 24. hxg6 Nxg6 25. Nf5+ Kg8 26. Rxh8+ Nxh8 27. Rh1
e6 28. Qh2 1-0

[Event "18th "]
[Site "Senta"]
[Date "2014.07.20"]
[Round "3.17"]
[White "Dikic, Veljko"]
[Black "Kumic, Filip"]
[Result "1-0"]
[WhiteElo "1950"]
[BlackElo "2248"]
[PlyCount "69"]
[EventDate "2014.07.19"]

1. e4 e5 2. Nc3 Nf6 3. Bc4 Bc5 4. d3 h6 5. f4 d6 6. h3 c6 7. Qf3 b5 8. Bb3 a5
9. a4 b4 10. fxe5 dxe5 11. Nd1 Qd6 12. Ne3 Bxe3 13. Bxe3 Be6 14. Bxe6 fxe6 15.
b3 O-O 16. Qe2 Nbd7 17. g4 Rf7 18. h4 Raf8 19. O-O-O g6 20. Bxh6 Qd4 21. Kb1
Rb8 22. h5 gxh5 23. Nf3 Qc3 24. gxh5 Nc5 25. Qg2+ Kh8 26. Bd2 Rg7 27. Qf1 Nxa4
28. Bxc3 Nxc3+ 29. Kc1 Rf8 30. Nxe5 Kh7 31. Ng6 Rff7 32. Qg2 Nxd1 33. Kxd1 Nxh5
34. Rxh5+ Kg8 35. Rh8# 1-0

[Event "18th "]
[Site "Senta"]
[Date "2014.07.20"]
[Round "3.18"]
[White "Sakic, Simeon"]
[Black "Farkas, Tibor"]
[Result "0-1"]
[WhiteElo "1842"]
[BlackElo "2246"]
[PlyCount "56"]
[EventDate "2014.07.19"]

1. e4 c5 2. Nf3 d6 3. d4 cxd4 4. Nxd4 Nf6 5. Nc3 a6 6. Be3 e6 7. Qd2 b5 8. a3
Bb7 9. Bd3 Be7 10. O-O Ng4 11. Rae1 Nd7 12. f4 Bh4 13. Re2 Bf6 14. Bxb5 axb5
15. Ndxb5 O-O 16. Nxd6 Bxc3 17. Qxc3 Ba6 18. Nc4 Qc7 19. b3 Nxe3 20. Rxe3 Rfc8
21. Rg3 g6 22. f5 Bxc4 23. bxc4 Qxc4 24. Qd2 Qa4 25. f6 Rxc2 26. Qh6 Nxf6 27.
Rxf6 Qd4+ 28. Qe3 Qxf6 0-1

[Event "18th "]
[Site "Senta"]
[Date "2014.07.20"]
[Round "3.20"]
[White "Foris, Karoly"]
[Black "Arsic, Djordje"]
[Result "0-1"]
[WhiteElo "1833"]
[BlackElo "2055"]
[PlyCount "56"]
[EventDate "2014.07.19"]

1. b4 e6 2. a3 Nf6 3. Bb2 d5 4. Nf3 b6 5. d4 Bb7 6. e3 Nbd7 7. c4 dxc4 8. Bxc4
Be7 9. Nbd2 O-O 10. Qc2 Rc8 11. O-O c5 12. dxc5 bxc5 13. b5 Qc7 14. Rae1 Ng4
15. h3 Nge5 16. e4 Rfd8 17. Nxe5 Nxe5 18. f4 Rxd2 19. Qxd2 Nxc4 20. Qc3 Nxb2
21. Qxb2 c4 22. a4 c3 23. Qc2 Qc4 24. Rf3 f5 25. exf5 Bxf3 26. Rxe6 Bc5+ 27.
Kh2 Qxf4+ 28. Kh1 Qd2 0-1

[Event "18th "]
[Site "Senta"]
[Date "2014.07.20"]
[Round "3.29"]
[White "Nestorovic, Irena"]
[Black "Olajos, Gyozo"]
[Result "1-0"]
[WhiteElo "2018"]
[BlackElo "1665"]
[PlyCount "41"]
[EventDate "2014.07.19"]

1. d4 Nf6 2. Nf3 d5 3. c4 Bf5 4. Nc3 e6 5. Qb3 b6 6. cxd5 Nxd5 7. e4 Nxc3 8.
exf5 Nd5 9. fxe6 fxe6 10. Bd2 Bd6 11. O-O-O O-O 12. Bd3 Nd7 13. Ng5 Rf6 14.
Bxh7+ Kh8 15. Be4 c6 16. Qh3+ Kg8 17. Qh7+ Kf8 18. Qh8+ Ke7 19. Qxg7+ Ke8 20.
Bg6+ Rxg6 21. Qf7# 1-0

[Event "18th "]
[Site "Senta"]
[Date "2014.07.21"]
[Round "4.1"]
[White "Jovanovic, Aleksandar D"]
[Black "Atalik, Suat"]
[Result "1-0"]
[WhiteElo "2234"]
[BlackElo "2550"]
[PlyCount "119"]
[EventDate "2014.07.19"]

1. e4 e5 2. Nf3 Nc6 3. Bb5 a6 4. Ba4 Nf6 5. d3 d6 6. c3 g6 7. Nbd2 Bg7 8. Nf1
b5 9. Bc2 d5 10. Qe2 O-O 11. Ng3 h6 12. O-O Re8 13. Rd1 Bb7 14. Nd2 Qd6 15.
Ndf1 Nd8 16. f3 Ne6 17. Qf2 c5 18. Ne3 Nf4 19. c4 d4 20. Nd5 N6xd5 21. exd5 f5
22. Bxf4 exf4 23. Nf1 Re7 24. b3 Rae8 25. Re1 Bf6 26. a4 b4 27. g3 Re3 28. Rad1
fxg3 29. hxg3 f4 30. Nxe3 dxe3 31. Qh2 Bg5 32. d4 fxg3 33. Qe2 cxd4 34. Rxd4
Bc8 35. f4 Bf6 36. Re4 Rxe4 37. Bxe4 Qxf4 38. Qf3 Qh4 39. Qh1 Bh3 40. Re2 g2
41. Bxg2 Qg4 42. Rxe3 Bd4 43. Qxh3 Qxh3 44. Bxh3 Bxe3+ 45. Kg2 Bc5 46. a5 Kf7
47. Kf3 Kf6 48. Ke4 h5 49. Bc8 g5 50. Bxa6 g4 51. Bc8 Kg5 52. Ke5 h4 53. d6 h3
54. a6 Kh4 55. d7 Bb6 56. a7 g3 57. d8=Q+ Bxd8 58. Bxh3 Bc7+ 59. Ke4 Kxh3 60.
a8=Q 1-0

[Event "18th "]
[Site "Senta"]
[Date "2014.07.21"]
[Round "4.2"]
[White "Nagy, Attila N"]
[Black "Nadj Hedjesi, Balind"]
[Result "1-0"]
[WhiteElo "2212"]
[BlackElo "2414"]
[PlyCount "95"]
[EventDate "2014.07.19"]

1. Nf3 Nf6 2. g3 b6 3. Bg2 Bb7 4. O-O e6 5. c4 c5 6. Nc3 a6 7. b3 d5 8. cxd5
Nxd5 9. Bb2 Nd7 10. Rc1 N7f6 11. d4 Rc8 12. Nxd5 Bxd5 13. Qd3 b5 14. dxc5 Bxc5
15. Ne5 O-O 16. Bxd5 Nxd5 17. Rfd1 Qb6 18. Qf3 Rcd8 19. b4 Be7 20. Nc6 Rde8 21.
Bd4 Qb7 22. Nxe7+ Rxe7 23. Bc5 f5 24. e4 Nf6 25. Bxe7 fxe4 26. Qf4 Qxe7 27. Rc7
Qxb4 28. Qg5 Ne8 29. Qe7 Qxe7 30. Rxe7 Nf6 31. Rxe6 Ra8 32. Rdd6 a5 33. Ra6 Rc8
34. Rxa5 Kf7 35. Rb6 Rc1+ 36. Kg2 Rc2 37. Kf1 Rc1+ 38. Ke2 Rc2+ 39. Ke1 Rc1+
40. Kd2 Rh1 41. h3 Rh2 42. Rb7+ Kg6 43. Ke3 Ng4+ 44. Kxe4 Rxf2 45. Ra6+ Nf6+
46. Ke3 Rb2 47. g4 h6 48. h4 1-0

[Event "18th "]
[Site "Senta"]
[Date "2014.07.21"]
[Round "4.3"]
[White "Kiproski, Branislav"]
[Black "Obodchuk, Andrei"]
[Result "1/2-1/2"]
[WhiteElo "2139"]
[BlackElo "2374"]
[PlyCount "94"]
[EventDate "2014.07.19"]

1. d4 Nf6 2. Bg5 Ne4 3. h4 c5 4. dxc5 Na6 5. Qd5 Nxg5 6. hxg5 e6 7. Qd2 Nxc5 8.
Nc3 b6 9. b4 Na6 10. a3 Bb7 11. Nb5 Nc7 12. Nd6+ Bxd6 13. Qxd6 Rc8 14. Qe5 f6
15. gxf6 Qxf6 16. Qxf6 gxf6 17. e3 Ke7 18. f3 h5 19. Bd3 h4 20. Kf2 e5 21. Ne2
Ne6 22. Bf5 Ng7 23. Bd3 f5 24. c3 e4 25. Bb5 Ne6 26. f4 Nc7 27. Ba4 Nd5 28.
Rac1 d6 29. Nd4 Rxc3 30. Nxf5+ Kf6 31. Rxc3 Nxc3 32. Nxd6 Bd5 33. Bb5 Ke6 34.
Nxe4 Nxe4+ 35. Ke1 Nd6 36. Bf1 Nf5 37. Kf2 Rg8 38. e4 Bxe4 39. Bc4+ Bd5 40.
Re1+ Kd6 41. Bxd5 Kxd5 42. Re5+ Kc4 43. Rxf5 Kb3 44. Rf7 Kxa3 45. Rxa7+ Kxb4
46. Rh7 Rg4 47. Kf3 Rg3+ 1/2-1/2

[Event "18th "]
[Site "Senta"]
[Date "2014.07.21"]
[Round "4.4"]
[White "Miladinovic, Lena"]
[Black "Vucinic, Gojko"]
[Result "0-1"]
[WhiteElo "2079"]
[BlackElo "2313"]
[PlyCount "96"]
[EventDate "2014.07.19"]

1. d4 Nf6 2. Nf3 g6 3. c4 Bg7 4. Nc3 d5 5. cxd5 Nxd5 6. Qb3 Nxc3 7. bxc3 O-O 8.
Ba3 b6 9. e3 Nc6 10. Be2 Na5 11. Qb2 c5 12. O-O Bg4 13. Rfd1 Qc7 14. Rac1 Rab8
15. Qb1 Rfd8 16. h3 Bxf3 17. Bxf3 e5 18. dxe5 Nc4 19. e6 Nd2 20. Qc2 Nxf3+ 21.
gxf3 fxe6 22. c4 Qf7 23. Kg2 Qf5 24. Qe4 Qxe4 25. fxe4 Kf7 26. f4 Ke7 27. Rxd8
Rxd8 28. Rc2 Rd3 29. Bc1 e5 30. Kf3 exf4 31. Ke2 Rc3 32. Rxc3 f3+ 33. Kxf3 Bxc3
34. Ke2 g5 35. Kd1 Be5 36. Ke2 h5 37. Bd2 g4 38. hxg4 hxg4 39. Be1 Kd6 40. Bh4
Kc6 41. a4 a6 42. Be1 b5 43. axb5+ axb5 44. cxb5+ Kxb5 45. Bf2 Kb4 46. Kd2 Kb3
47. Kc1 c4 48. Be1 g3 0-1

[Event "18th "]
[Site "Senta"]
[Date "2014.07.21"]
[Round "4.5"]
[White "Zivkovic, Nemanja"]
[Black "Lazov, Toni"]
[Result "1-0"]
[WhiteElo "2284"]
[BlackElo "2001"]
[PlyCount "77"]
[EventDate "2014.07.19"]

1. e4 c5 2. Nf3 d6 3. Bb5+ Nd7 4. c3 Ngf6 5. Qe2 a6 6. Ba4 e6 7. Bc2 Be7 8. d4
b5 9. O-O Bb7 10. Re1 Nb6 11. Nbd2 Rc8 12. Bd3 Nfd7 13. Nf1 Bf6 14. Ng3 h5 15.
Bf4 e5 16. Nf5 Qc7 17. dxe5 dxe5 18. Bg5 Bxg5 19. Nxg5 g6 20. Ne3 f6 21. Nf3 c4
22. Bc2 Kf7 23. Rad1 Nc5 24. Nd5 Qc6 25. Qe3 Nba4 26. Bxa4 bxa4 27. Rd2 Ne6 28.
Nh4 Rcd8 29. Nxg6 Rh7 30. Nge7 Qe8 31. Nf5 Bxd5 32. Rxd5 Nf4 33. Nd6+ Rxd6 34.
Rxd6 Rg7 35. g3 h4 36. Red1 hxg3 37. hxg3 Nh3+ 38. Kf1 Kg6 39. Qf3 1-0

[Event "18th "]
[Site "Senta"]
[Date "2014.07.21"]
[Round "4.6"]
[White "Savic, Dragan"]
[Black "Nestorovic, Dejan"]
[Result "0-1"]
[WhiteElo "2104"]
[BlackElo "2408"]
[PlyCount "68"]
[EventDate "2014.07.19"]

1. d4 Nf6 2. Nf3 e6 3. Nbd2 c5 4. e4 cxd4 5. Nxd4 d6 6. Bb5+ Nbd7 7. O-O Be7 8.
Re1 O-O 9. c3 Qc7 10. Ba4 a6 11. Bc2 b6 12. Nf1 Bb7 13. Qe2 Rfe8 14. Bg5 Rac8
15. Rad1 b5 16. a3 g6 17. Ng3 Bf8 18. h3 Bg7 19. Nf3 e5 20. Rd2 d5 21. exd5 e4
22. Nh2 Nxd5 23. Qd1 e3 24. Rxd5 Bxd5 25. Qxd5 exf2+ 26. Kxf2 Rxe1 27. Bb3 Ree8
28. Qxf7+ Kh8 29. Nf3 Qc5+ 30. Kf1 Ne5 31. Qd5 Nxf3 32. gxf3 Qxd5 33. Bxd5 Rc5
34. Bf7 Rxg5 0-1

[Event "18th "]
[Site "Senta"]
[Date "2014.07.21"]
[Round "4.7"]
[White "Radusinovic, Lazar"]
[Black "Kaszas, Viktor"]
[Result "1-0"]
[WhiteElo "2318"]
[BlackElo "2068"]
[PlyCount "105"]
[EventDate "2014.07.19"]

1. d4 Nf6 2. Nf3 g6 3. g3 Bg7 4. Bg2 O-O 5. O-O d6 6. a4 Na6 7. Re1 d5 8. h3
Bf5 9. Be3 Qc8 10. Kh2 Rd8 11. c3 c5 12. Qb3 Ne4 13. Nbd2 Qc7 14. Nxe4 Bxe4 15.
Rac1 Rac8 16. Red1 Qb6 17. Qa3 cxd4 18. Bxd4 Bxd4 19. cxd4 Rxc1 20. Rxc1 Bxf3
21. Bxf3 Qxd4 22. Qxe7 Qxf2+ 23. Bg2 Qb6 24. Rf1 Qc7 25. Rxf7 Qxe7 26. Rxe7 Nc5
27. a5 b6 28. b4 Rd7 29. Re5 Ne4 30. axb6 axb6 31. Bxe4 dxe4 32. Rxe4 Kf7 33.
Kg2 Rd5 34. Rc4 Rb5 35. Kf3 Ke6 36. e4 Ke5 37. Ke3 g5 38. Kd3 h5 39. Ke3 Ke6
40. Kd4 Kd6 41. h4 g4 42. Ke3 Ke5 43. Rd4 Kf6 44. Kf4 Ke6 45. Rd8 Rxb4 46. Rd5
Rb1 47. Rxh5 b5 48. Rh6+ Kf7 49. Rb6 Rb4 50. h5 Kg8 51. Rb7 Kh8 52. Kf5 Rb1 53.
Kg6 1-0

[Event "18th "]
[Site "Senta"]
[Date "2014.07.21"]
[Round "4.8"]
[White "Rajkovic, Mladen"]
[Black "Simonyi, Zoltan"]
[Result "0-1"]
[WhiteElo "2116"]
[BlackElo "2262"]
[PlyCount "130"]
[EventDate "2014.07.19"]

1. e4 c6 2. Nc3 d5 3. d3 e5 4. g3 Nf6 5. Bg5 Be7 6. Bxf6 Bxf6 7. Bg2 d4 8. Nce2
Qa5+ 9. c3 dxc3 10. bxc3 c5 11. Nf3 Nc6 12. O-O O-O 13. Qb3 Rd8 14. Ne1 Rb8 15.
f4 Bg4 16. Bf3 Be6 17. Qb2 b5 18. f5 Bc8 19. Rd1 Ba6 20. Nc2 c4 21. d4 b4 22.
d5 bxc3 23. Qxc3 Qxc3 24. Nxc3 Nd4 25. Ne3 Be7 26. f6 Bxf6 27. Ng4 Bc8 28.
Nxf6+ gxf6 29. Bh5 Rd6 30. Rd2 Bh3 31. Rff2 Kg7 32. Rb2 Rdb6 33. Rxb6 Rxb6 34.
g4 Kh6 35. Bxf7 Bxg4 36. Na4 Rb7 37. Be8 Kg5 38. d6 Bd7 39. Rg2+ Kf4 40. Rf2+
Ke3 41. Bxd7 Rxd7 42. Rxf6 Nb5 43. Nb2 Kd4 44. Rf1 c3 45. Rd1+ Kxe4 46. Nc4 c2
47. Re1+ Kd4 48. Ne3 Kc3 49. Nxc2 Kxc2 50. Rxe5 Nxd6 51. Ra5 Nc4 52. Ra6 Rf7
53. h4 Kb2 54. a4 Kb3 55. Kg2 Kb4 56. Kg3 Nb6 57. h5 Nxa4 58. h6 Nc5 59. Rc6 a5
60. Kg4 a4 61. Kg5 a3 62. Rc8 a2 63. Ra8 Na4 64. Rb8+ Ka3 65. Rb7 Rxb7 0-1

[Event "18th "]
[Site "Senta"]
[Date "2014.07.21"]
[Round "4.10"]
[White "Uzumcu, Ahmet Utku"]
[Black "Pajzer, Istvan"]
[Result "1-0"]
[WhiteElo "1780"]
[BlackElo "2116"]
[PlyCount "53"]
[EventDate "2014.07.19"]

1. e4 c5 2. Nf3 d6 3. d4 cxd4 4. Nxd4 Nf6 5. Nc3 a6 6. h3 b5 7. g4 Bb7 8. Bg2
e6 9. O-O b4 10. Nd5 exd5 11. exd5 Be7 12. Nc6 Bxc6 13. dxc6 d5 14. g5 Ne4 15.
c7 Qxc7 16. Qxd5 Nc6 17. Qxe4 Rc8 18. Bf4 Qd7 19. Rad1 Qe6 20. Qd3 Rd8 21. Qe3
Rxd1 22. Rxd1 Nd8 23. Qd2 Qc8 24. Bd6 a5 25. Bxe7 Kxe7 26. Qd6+ Ke8 27. Re1+
1-0

[Event "18th "]
[Site "Senta"]
[Date "2014.07.21"]
[Round "4.11"]
[White "Kosanovic, Goran A"]
[Black "Sakic, Lorand"]
[Result "1-0"]
[WhiteElo "2394"]
[BlackElo "2024"]
[PlyCount "67"]
[EventDate "2014.07.19"]

1. d4 Nf6 2. Bg5 d5 3. Bxf6 exf6 4. e3 Bd6 5. c4 dxc4 6. Bxc4 O-O 7. Nc3 c6 8.
Nge2 Be6 9. Bd3 a5 10. Qc2 g6 11. h4 Na6 12. a3 f5 13. h5 Qg5 14. g3 b5 15. Nf4
Bxf4 16. gxf4 Qf6 17. Ne2 Bd5 18. Rg1 Kh8 19. Qd2 Bf3 20. hxg6 fxg6 21. Rg3 Bd5
22. Qxa5 Nc5 23. Qc3 Nxd3+ 24. Qxd3 Bc4 25. Qd2 Bxe2 26. Kxe2 Rfe8 27. Rc1 Rad8
28. Kf1 Qe6 29. Kg1 Qe4 30. Qc2 Rd6 31. Qxe4 Rxe4 32. Kg2 Kg7 33. Rc5 Re7 34.
Rxf5 1-0

[Event "18th "]
[Site "Senta"]
[Date "2014.07.21"]
[Round "4.12"]
[White "Kovacs, Arthur"]
[Black "Nestorovic, Lazar"]
[Result "0-1"]
[WhiteElo "1997"]
[BlackElo "2331"]
[PlyCount "96"]
[EventDate "2014.07.19"]

1. d4 Nf6 2. Nf3 e6 3. c4 b6 4. e3 Bb7 5. Bd3 g6 6. O-O Bg7 7. Nc3 d6 8. b3 O-O
9. Bb2 Nbd7 10. e4 e5 11. d5 Bh6 12. Bc1 Bxc1 13. Rxc1 Nh5 14. Qc2 Nf4 15. g3
Nxd3 16. Qxd3 f5 17. Nd2 f4 18. f3 fxg3 19. hxg3 Qg5 20. Ne2 Nf6 21. Rf2 Nh5
22. Nf1 Rf7 23. Qd2 Qe7 24. Kg2 Raf8 25. Ng1 Bc8 26. Nh2 Kh8 27. b4 Nf6 28. Re2
Rg7 29. Qg5 Nxd5 30. Qxe7 Nxe7 31. c5 dxc5 32. bxc5 b5 33. c6 Rf6 34. Rec2 Be6
35. Rc5 Bc4 36. Ng4 Rxc6 37. Rxe5 Bxa2 38. Rxc6 Nxc6 39. Rxb5 Rd7 40. Rc5 Nb4
41. Nf6 Rd2+ 42. Kh3 c6 43. f4 Kg7 44. e5 Be6+ 45. g4 Nd3 46. Rxc6 Nxf4+ 47.
Kg3 g5 48. Nf3 Rg2# 0-1